Religion in sociological perspective /

Bibliographic Details
Main Author: Wilson, Bryan R.
Format: Book
Language:English
Published: Oxford ; New York : Oxford University Press, 1982.
Subjects:

MARC

Tag First Indicator Second Indicator Subfields
LEADER 00000pam a2200000 a 4500
001 in00000086227
005 20151008062617.0
008 811006s1982 enk b 00110 eng
010 |a  81016829  
020 |a 0198266642 (pbk.) :  |c $5.95 
020 |a 0198266634 (hard) :  |c $17.50 
035 |a (OCoLC)07923121 
035 |9 AAK0583AM 
039 0 |a 2  |b 3  |c 3  |d 3  |e 3 
040 |a DLC  |c DLC  |d TXA  |d UtOrBLW 
049 |a TXAM  |c [1272556] 
050 0 0 |a BL60  |b  W543 1982 
082 0 |a 306/.6  |2 19 
100 1 |a Wilson, Bryan R. 
245 1 0 |a Religion in sociological perspective /  |c Bryan Wilson. 
264 1 |a Oxford ;  |a New York :  |b Oxford University Press,  |c 1982. 
300 |a vii, 187 pages ;  |c 22 cm. 
336 |a text  |b txt  |2 rdacontent 
337 |a unmediated  |b n  |2 rdamedia 
338 |a volume  |b nc  |2 rdacarrier 
504 |a Includes bibliographical references and indexes. 
650 0 |a Religion and sociology. 
999 |a MARS 
999 f f |s bb962f3e-e9d1-311a-8e89-8ffc0a74c629  |i 67f38e22-97a2-3bae-928a-510cf3819782  |t 0 
952 f f |p normal  |a Texas A&M University  |b College Station  |c Sterling C. Evans Library  |d Evans: Library Stacks  |t 0  |e BL60 W543 1982  |h Library of Congress classification  |i unmediated -- volume  |m A14805955532 
998 f f |a BL60 W543 1982  |t 0  |l Evans: Library Stacks